Biggest Alberta Municipalities by Letter - Statistics

General Stats
  • This quiz has been taken 30 times
  • The average score is 13 of 22
Answer Stats
Letter Population Type of Municipality Answer % Correct
C 1,306,784 City Calgary
100%
E 1,010,899 City Edmonton
100%
L 98,406 City Lethbridge
87%
M 63,271 City Medicine Hat
87%
R 100,844 City Red Deer
87%
A 74,100 City Airdrie
74%
G 64,141 City Grande Prairie
74%
O 30,405 Town Okotoks
65%
S 68,232 City St. Albert
65%
D 7,909 Town Drumheller
57%
F 27,088 City Fort Saskatchewan
52%
I 7,985 Town Innisfail
52%
P 7,331 Town Ponoka
48%
W 12,594 City Wetaskiwin
48%
B 20,888 City Beaumont
43%
V 5,689 Town Vegreville
43%
N 2,167 Town Nanton
39%
H 14,324 Town High River
35%
T 8,862 Town Taber
35%
K 918 Town Killam
26%
Y 171 Village Youngstown
22%
J 213 Summer Village Jarvis Bay
13%
No matching quizzes found
Score Distribution
Percent of People with Each Score
Percentile by Number Answered
Your Score History
You have not taken this quiz